00223pam a2200109 a 4500020000500000041000500005100002700010245004200037250000900079260001600088300000900104 c h aS. H. Howard,eAuthor. aForest Pocket BookhTextual Documents a1st. a[s.l]:bNat a555.